October fury /
| Main Author: | |
|---|---|
| Format: | Book |
| Language: | English |
| Published: |
Hoboken, N.J. :
J. Wiley & Sons,
c2002.
|
| Subjects: | |
| Online Access: | Contributor biographical information Publisher description Table of contents |
| Classic Catalogue: | View this record in Classic Catalogue |
| LEADER | 01608nam a2200349 a 4500 | ||
|---|---|---|---|
| 001 | 28887 | ||
| 003 | BD-DhAAL | ||
| 005 | 20150220125651.0 | ||
| 008 | 150220s2002 nyuab b 001 0 eng | ||
| 010 | |a 2002071333 | ||
| 020 | |a 0471415340 (acidfree paper) | ||
| 040 | |a DLC |c DLC |d DLC |d BD-DhAAL | ||
| 043 | |a n-us--- |a nwcu--- |a e-ur--- | ||
| 050 | 0 | 0 | |a E841 |b .H83 2002 |
| 082 | 0 | 0 | |a 973.922 |2 21 |
| 100 | 1 | |a Huchthausen, Peter A., |d 1939- |9 8685 | |
| 245 | 1 | 0 | |a October fury / |c Peter A. Huchthausen. |
| 260 | |a Hoboken, N.J. : |b J. Wiley & Sons, |c c2002. | ||
| 300 | |a v, 281 p. : |b ill., maps ; |c 25 cm. | ||
| 504 | |a Includes bibliographical references (p. 271-274) and index. | ||
| 541 | |e 28887 | ||
| 610 | 1 | 0 | |a United States. |b Navy |x History |y 20th century. |9 8686 |
| 610 | 1 | 0 | |a Soviet Union. |b Voenno-Morskoĭ Flot |x History. |9 8687 |
| 650 | 0 | |a Cuban Missile Crisis, 1962. |9 8688 | |
| 650 | 0 | |a Destroyers (Warships) |z Cuba |x History |y 20th century. |9 8689 | |
| 650 | 0 | |a Submarines (Ships) |z Cuba |x History |y 20th century. |9 8690 | |
| 856 | 4 | 2 | |3 Contributor biographical information |u http://www.loc.gov/catdir/bios/wiley043/2002071333.html |
| 856 | 4 | 2 | |3 Publisher description |u http://www.loc.gov/catdir/description/wiley035/2002071333.html |
| 856 | 4 | 1 | |3 Table of contents |u http://www.loc.gov/catdir/toc/wiley023/2002071333.html |
| 942 | |2 ddc |c BK | ||
| 999 | |c 33765 |d 33765 | ||
| 952 | |0 0 |1 0 |2 ddc |4 0 |6 973_922000000000000_HUC |7 0 |9 52727 |a BRACUL |b BRACUL |c GEN |d 2015-02-20 |e BRAC Institute of Language (BIL) |l 1 |m 4 |o 973.922 HUC |p 3010028887 |r 2022-10-23 |s 2022-09-25 |t 1 |w 2015-02-20 |y BK |x Transferred from BIL to BRACUL on 06/06/22 | ||